Biblia del peregrino: nuevo testamento
Salvato in:
| Autore principale: | |
|---|---|
| Natura: | Libro |
| Lingua: | spagnolo |
| Pubblicazione: |
Bilbao
Mensajero
1999
|
| Soggetti: | |
| Tags: |
Aggiungi Tag
Nessun Tag, puoi essere il primo ad aggiungerne!!
|
MARC
| LEADER | 00000nam a2200000 a 4500 | ||
|---|---|---|---|
| 001 | UCO6004 | ||
| 003 | CL-VaPUC | ||
| 008 | 000929e19990000SP |||||||||||||||||spa|d | ||
| 082 | 0 | 4 | |a 220 |b ALO |2 21 |
| 100 | |a Alonso Schökel, Luis |e autor |9 591055 | ||
| 245 | 1 | 0 | |a Biblia del peregrino: nuevo testamento |
| 300 | |a 381 p | ||
| 942 | |c BK | ||
| 945 | |d 20000929 00:00:00 |a vberengu | ||
| 260 | |a Bilbao |b Mensajero |c 1999 | ||
| 650 | 0 | |a Biblia |9 257603 | |
| 650 | 0 | |a Evangelios |9 314864 | |
| 650 | 0 | |a Textos sagrados |9 257605 | |
| 583 | |a last modification |c 20000929 00:00:00 |k Rodrigo Vera | ||
| 999 | |c 291799 |d 291797 | ||
| 952 | |0 0 |1 0 |4 0 |6 220_000000000000000_ALO_1999 |7 0 |8 A |9 341995 |a BIBTEO |b BIBTEO |d 2019-11-20 |i 364023K |o 220 ALO 1999 |p 364023K |r 2025-01-17 |w 2019-11-20 |y BK |k ICR | ||